000 01110cam a2200289 a 4500
999 _c332454
_d332454
001 4911729
003 NUST
005 20171206114713.0
008 940302s1994 flua bf 001 0 eng
010 _a 94124942
020 _a0873712471 (alk. paper)
040 _aDLC
_cDLC
050 0 0 _aT55.3.H3
_bS23 1994
082 0 0 _a636.827 SAC
_220
100 1 _aSacarello, Hildegarde L. A.
_96999
245 1 4 _aThe comprehensive handbook of hazardous materials :
_bregulations, handling, monitoring, and safety /
_cHildegarde L.A. Sacarello.
260 _aBoca Raton :
_bLewis Publishers,
_cc1994.
300 _a536 p. :
_bill. ;
_c25 cm.
500 _aH.B
504 _aIncludes bibliographical references and index.
650 0 _aHazardous substances
_xHandbooks, manuals, etc.
_97000
740 0 _aHandbook of hazardous materials.
906 _a7
_bcbc
_corignew
_d2
_encip
_f19
_gy-gencatlg
942 _2ddc
_cBK
_kIESE